Using of Logistic and GENMOD Procedures by the Analysis of Exclusion From the Labour Market

Cieľom článku je analýza tretieho aspektu merania chudoby vo svete v kontexte stratégie Európa 2030 - veľmi nízka intenzita práce. Pomocou údajov získaných zo štatistického zisťovania EU-SILC 2021 a pomocou postupov LOGISTIC a GENMOD v rámci štatistického softvéru SAS Enterprise Guide. Aplikujeme me...

Descrizione completa

Salvato in:
Dettagli Bibliografici
Autore principale: Košíková, Martina, 1997-
Altri autori: Šoltés, Erik, 1974-
Natura: Capitolo di libro
Lingua:inglese
Soggetti:
Tags: Aggiungi Tag
Nessun Tag, puoi essere il primo ad aggiungerne!!

MARC

LEADER 00000naa$a2200000$$$4500
001 0290899
005 20240502083941.1
041 0 |a eng 
044 |a HR 
245 1 0 |a Using of Logistic and GENMOD Procedures by the Analysis of Exclusion From the Labour Market  |c Martina Košíková, Erik Šoltés 
520 |a Cieľom článku je analýza tretieho aspektu merania chudoby vo svete v kontexte stratégie Európa 2030 - veľmi nízka intenzita práce. Pomocou údajov získaných zo štatistického zisťovania EU-SILC 2021 a pomocou postupov LOGISTIC a GENMOD v rámci štatistického softvéru SAS Enterprise Guide. Aplikujeme metódy logistickej regresie a zovšeobecnené lineárne modely na kvantifikáciu vplyvu relevantných kategoriálnych faktorov na binárnu závislú premennú - veľmi nízka pracovná náročnosť osôb v slovenských domácnostiach. 
610 2 0 |a práca 
610 2 0 |a zamestnanci 
610 2 0 |a náročnosť práce 
610 2 0 |a analýza regresná 
610 2 0 |a modely lineárne 
100 1 |a Košíková, Martina, 1997- 
700 1 |a Šoltés, Erik, 1974-